Simply Windows 95 / (Record no. 16491)
[ view plain ]
| 000 -LEADER | |
|---|---|
| fixed length control field | 00486pam a2200181 a 4500 |
| 020 ## - INTERNATIONAL STANDARD BOOK NUMBER | |
| ISBN | 0256219982 |
| 040 ## - CATALOGING SOURCE | |
| Transcribing agency | DLC |
| 082 00 - DEWEY DECIMAL CLASSIFICATION NUMBER | |
| Classification number | 005 LRW 1996 A002 Or. |
| 100 1# - MAIN ENTRY--AUTHOR NAME | |
| Personal name | Clifford, Sarah Hutchinson. |
| 245 10 - TITLE STATEMENT | |
| Title | Simply Windows 95 / |
| 246 3# - VARYING FORM OF TITLE | |
| Title proper/short title | Simply Windows ninety-five |
| 260 ## - PUBLICATION, DISTRIBUTION, ETC. (IMPRINT) | |
| Place of publication | Chicago : |
| Name of publisher | Irwin, |
| Year of publication | c1996. |
| 300 ## - PHYSICAL DESCRIPTION | |
| Number of Pages | x, 171 p. : |
| Other physical details | col. ill. ; |
| Dimensions | 28 cm. |
| 500 ## - GENERAL NOTE | |
| General note | Includes index. |
| 650 #0 - SUBJECT ADDED ENTRY--TOPICAL TERM | |
| Topical Term | Operating systems (Computers) |
| 700 1# - ADDED ENTRY--PERSONAL NAME | |
| Personal name | Coulthard, Glen J. |
| 942 ## - ADDED ENTRY ELEMENTS (KOHA) | |
| Koha item type | សៀវភៅភាសាអង់គ្លេស |
| 952 ## - LOCATION AND ITEM INFORMATION (KOHA) | |
| Withdrawn status [LOCAL, KOHA] | 0 |
| Permanent Location | Date acquired | Koha item type | Lost status | Shelving location | Barcode | Current Location | Full call number |
|---|---|---|---|---|---|---|---|
| Library Block A | 2018-02-27 | សៀវភៅភាសាអង់គ្លេស | A002 | A19621 | Library Block A | 005 LRW 1996 A002 Or. |